00618cam a22002171 4500001001300000003000400013005001700017008004100034010001700075035002000092040002400112042001200136050002100148110002800169245005900197260002500256300003200281504003000313650004000343999001700383sa 66004555 DLC20260227112243.0930428s1964 ii a b 000 0 eng  asa 66004555  a(OCoLC)27994358 aDLCcNcDdNSyUdDLC apremarc00aHD9506.I42bA5322 aIndian Bureau of Mines.10aIndex number of mineral prices in India, 1953 to 1962. aNagpur,bn.p.c1964. aiii, 133 p.billus.c24 cm. aBibliography: p. 132-133. 0aMines and mineral resourceszIndia. c69490d69490